Algèbres d'opérateurs et leurs applications en physique mathématique : [colloque], Marseille, 20-24 juin 1977 /

Guardado en:
Otros Autores: Connes, Alain., Kastler, Daniel., Robinson, Derek W.
Formato: Libro
Idioma:English
French
Publicado: Paris : Éditions du Centre national de la recherche scientifique, 1979.
Series:Colloques internationaux du Centre national de la recherche scientifique ; no 274.
Materias:
Etiquetas: Agregar Etiqueta
Sin Etiquetas, Sea el primero en etiquetar este registro!
LEADER 03905cam a2200301 a 4500
001 MAT.inmabb006622
008 801229s1979####fr#cf####b###f100#0#eng##
005 20120813095541.0
245 0 0 |a Algèbres d'opérateurs et leurs applications en physique mathématique :  |b [colloque], Marseille, 20-24 juin 1977 /  |c [organisé par A. Connes, D. Kastler et D. W. Robinson]. 
260 |a Paris :  |b Éditions du Centre national de la recherche scientifique,  |c 1979. 
300 |a 533 p., [1] h. de láms. :  |b retr. ;  |c 25 cm. 
490 1 |a Colloques internationaux du Centre national de la recherche scientifique ;  |v no 274 
546 |a Inglés o francés con resúmenes en ambos idiomas. 
504 |a Incluye referencias bibliográficas. 
505 0 |a Erik M. Alfsen, On the state spaces of Jordan and C*-algebras -- Stig I. Andersson, Liftings and Ext(X) for pseudodifferential operators -- Guy A. Battle, Inadequacy of the Heisenberg picture for a pathological continuous, infinite system and global existence of solutions for the resulting nonlinear Schrödinger equation -- Ola Bratteli, Unbounded derivations of operator algebras -- A. Connes, On the equivalence between injectivity and semidiscreteness for operator algebras -- J. Cuntz, Noncommutative Haar measure and algebraic finiteness conditions for simple C*-algebras -- Edward G. Effros, Aspects of noncommutative geometry -- M. Enock, Kac algebras and crossed products -- Jacob Feldman, Peter Hahn and Calvin C. Moore, Sections for group actions, and some applications -- Uffe Haagerup, Lp-spaces associated with an arbitrary von Neumann algebra -- Richard H. Herman, Perturbations of dynamics -- Michel Hilsum, Opérateurs compacts dans une algèbre de von Neumann -- Richard V. Kadison, Unbounded similarity -- D. Kastler, Fondements de la mécanique statistique -- G. Lassner, The $ beta$-topology on operator algebras -- Roberto Longo, Some aspects of C*-dynamics -- Th. Fack and O. Marechal, On the classification of the symmetries of U.H.F. C*-algebras -- Yoshiomi Nakagami, Co-action and Galois correspondence in von Neumann algebras -- Robert T. Powers, Resistance inequalities for the isotropic Heisenberg model -- M. Pulvirenti, Stability, KMS, and selfadjointness of the Liouville operator in classical systems -- Carlo Rigotti, On the essential duality condition for Hermitian scalar field -- John E. Roberts, Mathematical aspects of local cohomology -- Jean-Luc Sauvageot, Idéaux primitifs et produits croisés -- Jean-Marie Schwartz, Kac algebras -- Serban Stratila, Twisted Plancherel theorem for weights. A noncommutative case -- Masamichi Takesaki, Fourier analysis of compact automorphism groups (An application of Tannaka duality theorem) -- Nobuhiko Tatsuuma, Duality for normal subgroup -- Nobuhiko Tatsuuma, Duality theorem for locally compact groups and some related topics -- D. Testard, Some properties of the representation of the quasilocal observables in statistical mechanics and quantum field theory -- Jun Tomiyama, Some aspects of the commutation for tensor products of operator algebras -- Ewa B. Trych-Pohlmeyer, The stability properties of equilibrium states -- A. Verbeure, Characterization of equilibrium states -- Dan Voiculescu, Amenability and Katz algebras -- S. L. Woronowicz, Operator systems and their application to the Tomita-Takesaki theory -- László Zsidó, Invariance and dual weights. 
510 4 |a MR,  |c 80k:46001 
020 |a 2222024412 
700 1 |a Connes, Alain. 
700 1 |a Kastler, Daniel. 
700 1 |a Robinson, Derek W. 
830 0 |a Colloques internationaux du Centre national de la recherche scientifique ;  |v no 274. 
650 0 |a Operator algebras  |x Congresses. 
650 0 |a Mathematical physics  |x Congresses. 
084 |a 46-06 (47-06 81-06 82-06)  |2 msc2000 
010 |a  80120345  
040 |a DLC  |c DLC  |d DLC 
041 0 |a eng  |a fre 
859 |h 46  |i Al394  |p A-6282  |b BIB. MATEMATICA